01134nam a2200193Ia 4500001001100000003001000011008004100021040002500062041001300087100003700100245002100137250001100158260008800169300002800257500026000285501011400545520026000659650002100919L241-14816IT-CnALBA170116s9999||||xx |||||||||||||| ||und|| aIT-CnALBAcIT-CnALBA aITALIANO aTHURIAN MAX, FRATELLO DI TAIZÈ 0aLA CONFESSIONE.  a1a ed. aROMAbAVE, ANONIMA VERITA'S EDITRICEc1967 [1° Ed.:1967 - Ed.Ling.Originale: 1966] a186 p. (prefazione: 23) aTRADUZIONE DAL FRANCESE DI ETTORE ZERBINO. INTRODUZIONE DI DOM. EMMANUEL LANNE. PREFAZIONE DEL PASTORE MARC BOEGNER. CONFESSIONE E DIREZIONE SPIRITUALE. PSICOLOGIA. ESAME DI COSCIENZA. PRATICA DELLA CONFESSIONE. LUTERO. CALVINO. I RIFORMATORI E LA CONFESS aSocietà San Paolo EM - Piazza San Paolo, 14 - 12051 ALBA (CN) (non commercial uses only) ® Copyright 2017 aTRADUZIONE DAL FRANCESE DI ETTORE ZERBINO. INTRODUZIONE DI DOM. EMMANUEL LANNE. PREFAZIONE DEL PASTORE MARC BOEGNER. CONFESSIONE E DIREZIONE SPIRITUALE. PSICOLOGIA. ESAME DI COSCIENZA. PRATICA DELLA CONFESSIONE. LUTERO. CALVINO. I RIFORMATORI E LA CONFESS aMORALE CATTOLICA